00364nam a2200133Ia 4500008004100000041001200041082001100053100001800064245007100082260002900153300001700182650001500199700001600214221030s9999 xx 000 0 und d aEnglish a105.23 aS. Domkundwar 2aA Course in Power Plant Engineeringcby S. Domkundwar, S. C. Anand bDhanpat RaiaDelhic1993 a37.45 + A-28 aMechanical aS. C. Anand